Electric radio and transistor guide / (Record no. 8914)
[ view plain ]
| 000 -LEADER | |
|---|---|
| fixed length control field | 00461cam a2200181ua 4500 |
| 003 - CONTROL NUMBER IDENTIFIER | |
| control field | OSt |
| 008 - FIXED-LENGTH DATA ELEMENTS--GENERAL INFORMATION | |
| fixed length control field | 250108b |||||||| |||| 00| 0 eng d |
| 041 ## - LANGUAGE CODE | |
| Language code of text/sound track or separate title | eng |
| 082 ## - DEWEY DECIMAL CLASSIFICATION NUMBER | |
| Classification number | 621.384 |
| Item number | TAS/EL |
| 100 ## - MAIN ENTRY--AUTHOR NAME | |
| Personal name | Taskeen, S R . |
| 245 ## - TITLE STATEMENT | |
| Title | Electric radio and transistor guide / |
| 250 ## - EDITION STATEMENT | |
| Edition statement | 1 / |
| 260 ## - PUBLICATION, DISTRIBUTION, ETC. (IMPRINT) | |
| Place of publication | Aligarh : |
| Name of publisher | Sulekha book depot , |
| Year of publication | 1996. |
| 300 ## - PHYSICAL DESCRIPTION | |
| Number of Pages | 207 ; . |
| 700 1# - ADDED ENTRY--PERSONAL NAME | |
| Personal name | Gupta, S R . |
| 700 1# - ADDED ENTRY--PERSONAL NAME | |
| Personal name | Sourya, S C . |
| 942 ## - ADDED ENTRY ELEMENTS (KOHA) | |
| Koha item type | Books |
| Withdrawn status | Lost status | Damaged status | Home library | Current library | Date acquired | Full call number | Accession Number | Koha item type |
|---|---|---|---|---|---|---|---|---|
| KAUAET | KAUAET | 07/04/2012 | 621.384 TAS/EL | 11150 | Books |
